01167nam a2200313Ia 4500001001200000003000800012006001900020007001500039008004100054010001700095020001500112020001800127020001800145040002100163035002100184050002600205100002800231245008200259260005500341300002500396504006600421533015200487650001500639650001000654655002900664710001700693856012600710999001700836ebr10677165CaPaEBRm u cr cn|||||||||080529s2008 enka sb 001 0 eng d z 2008399778 z184718457X z9781443808156 z9781847184573 aCaPaEBRcCaPaEBR a(OCoLC)43537466914aBL2370.S5bB48 2008eb1 aBerman, Michael,d1951-10aSoul loss and the Shamanic storyh[electronic resource] /cby Michael Berman. aNewcastle, U.K. :bCambridge Scholars Pub.,c2008. aviii, 304 p. :bill. aIncludes bibliographical references (p. [276]-298) and index. aElectronic reproduction.bPalo Alto, Calif. :cebrary,d2013.nAvailable via World Wide Web.nAccess may be limited to ebrary affiliated libraries. 0aShamanism. 0aSoul. 7aElectronic books.2local2 aebrary, Inc.40uhttp://site.ebrary.com/lib/rucke/Doc?id=10677165zAn electronic book accessible through the World Wide Web; click to view c58914d58914